MARC

LEADER 00000nam0a2200000 4500
001 262669
005 20231101233655.0
035 |a (RuTPU)RU\TPU\book\285652 
090 |a 262669 
100 |a 20140603d1987 m y0rusy50 ca 
101 0 |a rus 
102 |a RU 
105 |a a j 001zy 
200 1 |a Лабораторно-исследовательский практикум по теории резания  |e учебное пособие  |f Н. В. Талантов  |g Волгоградский политехнический институт 
210 |a Волгоград  |c Изд-во Воронежского политехн. ин-та  |d 1987 
215 |a 96 с.  |c ил. 
320 |a Библиогр.: с. 96. 
606 1 |a Резание металлов  |x Исследование  |2 stltpush  |3 (RuTPU)RU\TPU\subj\24533  |9 48862 
610 1 |a стружкообразование 
610 1 |a контактное взаимодействие 
610 1 |a тепловые явления 
610 1 |a тепловыделение 
675 |a 621.91.01(075.8)  |v 3 
700 1 |a Талантов  |b Н. В.  |g Николай Васильевич 
712 0 2 |a Волгоградский политехнический институт  |2 stltpush  |3 (RuTPU)RU\TPU\col\4581  |9 23999 
801 1 |a RU  |b 63413507  |c 20140603 
801 2 |a RU  |b 63413507  |c 20150519  |g RCR 
942 |c BK